[Event "SRB-ch sf"]
[Site "Kragujevac"]
[Date "2019.03.10"]
[Round "5"]
[White "Milosevic, Rade"]
[Black "Kokic, Miljko"]
[Result "1-0"]
[WhiteElo "1983"]
[BlackElo "1595"]
[PlyCount "85"]
[EventDate "2019.03.08"]
[EventType "swiss"]
[EventRounds "9"]
[EventCountry "SRB"]
[SourceTitle "CBM 189 Extra"]
[Source "ChessBase"]
[SourceDate "2019.06.03"]
[SourceVersion "1"]
[SourceVersionDate "2019.06.03"]
[SourceQuality "1"]

1. Nf3 Nf6 2. c4 Nc6 3. d4 d5 4. e3 Bg4 5. Be2 dxc4 6. Qa4 Bd7 7. Qxc4 e6 8. 0-0 a6 9. a3 Bd6 10. Nbd2 Ne7 11. Qc2 Ng6 12. b4 0-0 13. Bb2 b5 14. Ne5 Bxe5 15. dxe5 Nd5 16. Nf3 h6 17. g3 c6 18. Rad1 a5 19. bxa5 Rxa5 20. e4 Nb6 21. Bd4 Ra6 22. Qd2 Bc8 23. Qe3 Re8 24. Bc5 Qc7 25. Bd6 Qb7 26. Rc1 Bd7 27. Rc2 Rc8 28. Rfc1 Ra4 29. Nd4 Nc4 30. Bxc4 Rxc4 31. Rxc4 bxc4 32. Rxc4 Qa6 33. Qc3 Nf8 34. Nb3 Be8 35. Nc5 Qa8 36. Ra4 Nd7 37. Rxa8 Rxa8 38. Nd3 Nb6 39. Qb4 Nd7 40. Qb7 Ra4 41. Qc8 Nb6 42. Qxe8+ Kh7 43. Qxc6 1-0

[Event "SRB-ch sf"]
[Site "Kragujevac"]
[Date "2019.03.10"]
[Round "4"]
[White "Stanojevic, Ilija"]
[Black "Milosevic, Rade"]
[Result "1-0"]
[WhiteElo "2166"]
[BlackElo "1983"]
[PlyCount "73"]
[EventDate "2019.03.08"]
[EventType "swiss"]
[EventRounds "9"]
[EventCountry "SRB"]
[SourceTitle "CBM 189 Extra"]
[Source "ChessBase"]
[SourceDate "2019.06.03"]
[SourceVersion "1"]
[SourceVersionDate "2019.06.03"]
[SourceQuality "1"]

1. e4 c6 2. d4 d5 3. e5 Bf5 4. h4 h5 5. Bg5 Qb6 6. Bd3 Bxd3 7. Qxd3 e6 8. Nd2 Nh6 9. Bxh6 Rxh6 10. Ne2 Nd7 11. c4 0-0-0 12. c5 Qb5 13. Qxb5 cxb5 14. b4 f6 15. f4 fxe5 16. fxe5 Be7 17. Nf3 Rg8 18. Nf4 g5 19. hxg5 Bxg5 20. Nxh5 b6 21. Kf2 bxc5 22. bxc5 Bd8 23. Nf4 Rgh8 24. Rxh6 Rxh6 25. g4 Nf8 26. g5 Rh8 27. Kg3 Kd7 28. Kg4 Ba5 29. Rb1 a6 30. g6 Rg8 31. Kg5 Ke7 32. Kh6 Bd8 33. c6 Nxg6 34. Nxg6+ Kf7 35. Nfh4 Bb6 36. Rf1+ Ke8 37. Kh7 1-0

[Event "SRB Central-ch op-B 9th"]
[Site "Paracin"]
[Date "2016.07.13"]
[Round "8"]
[White "Milosevic, Rade"]
[Black "Radovanovic, Miroljub B"]
[Result "1/2-1/2"]
[WhiteElo "2091"]
[BlackElo "1945"]
[PlyCount "94"]
[EventDate "2016.07.07"]
[EventType "swiss"]
[EventRounds "9"]
[EventCountry "SRB"]
[SourceTitle "CBM 173 Extra"]
[Source "ChessBase"]
[SourceDate "2016.08.29"]
[SourceVersion "1"]
[SourceVersionDate "2016.08.29"]
[SourceQuality "1"]

1. c4 e5 2. Nc3 Nf6 3. Nf3 Nc6 4. g3 g6 5. Bg2 Bg7 6. d4 exd4 7. Nxd4 Nxd4 8. Qxd4 0-0 9. 0-0 d6 10. Qh4 c6 11. Bh6 Qc7 12. Bxg7 Kxg7 13. Rac1 Re8 14. Qd4 Bf5 15. e4 Be6 16. Rfd1 Rad8 17. b3 a6 18. h3 Qe7 19. f4 c5 20. Qf2 Bd7 21. Re1 Bc6 22. e5 dxe5 23. Bxc6 bxc6 24. Rxe5 Qc7 25. Rce1 Rxe5 26. Rxe5 Qd7 27. Kg2 Qd3 28. Re3 Qd4 29. Qe2 h5 30. Ne4 Nxe4 31. Rxe4 Qc3 32. Qf2 Rd3 33. h4 a5 34. Qe1 Qxe1 35. Rxe1 Rd2+ 36. Kh3 Rxa2 37. Re5 a4 38. bxa4 Rxa4 39. Rxc5 Ra6 40. Kg2 Kf6 41. Kf3 Ke6 42. Re5+ Kf6 43. Rc5 Ke6 44. Re5+ Kf6 45. Rg5 Ra4 46. Rc5 Ra6 47. Rg5 Ra4 1/2-1/2

[Event "SRB Central-ch op-B 9th"]
[Site "Paracin"]
[Date "2016.07.12"]
[Round "6"]
[White "Rajic, Milovan"]
[Black "Milosevic, Rade"]
[Result "0-1"]
[WhiteElo "1752"]
[BlackElo "2091"]
[PlyCount "137"]
[EventDate "2016.07.07"]
[EventType "swiss"]
[EventRounds "9"]
[EventCountry "SRB"]
[SourceTitle "CBM 173 Extra"]
[Source "ChessBase"]
[SourceDate "2016.08.29"]
[SourceVersion "1"]
[SourceVersionDate "2016.08.29"]
[SourceQuality "1"]

1. d4 Nf6 2. c4 e6 3. Nc3 Bb4 4. Qc2 Nc6 5. Nf3 d6 6. a3 Bxc3+ 7. Qxc3 h6 8. g3 Qe7 9. Bg2 e5 10. d5 Nb8 11. 0-0 0-0 12. Qc2 a5 13. e4 a4 14. h3 Nbd7 15. Be3 b6 16. Rfe1 Nc5 17. Bxc5 bxc5 18. Re3 Nh7 19. Nh4 g5 20. Nf5 Bxf5 21. exf5 Rfb8 22. Rae1 f6 23. Bf3 Kg7 24. R1e2 Qe8 25. g4 Ra6 26. Rd2 Nf8 27. Bd1 Nd7 28. f3 Nb6 29. Qe4 Qf7 30. Rc3 Rh8 31. Kg2 h5 32. Be2 Rh6 33. Rd1 Ra8 34. Rh1 Rah8 35. Rh2 Qe8 36. Rh1 Qb8 37. Rb1 Qa7 38. Bf1 Qa5 39. Kh2 Rb8 40. Kg3 Nd7 41. Bd3 Rhh8 42. Kg2 hxg4 43. fxg4 Rxb2+ 44. Rxb2 Qxc3 45. Rb7 Rc8 46. Kg3 Qxa3 47. h4 Qc1 48. hxg5 Qxg5 49. Ra7 Nb6 50. Bc2 Qd2 51. Kf3 Qc3+ 52. Bd3 Qc1 53. Kf2 Kh6 54. Qg2 Qf4+ 55. Ke2 Kg5 56. Qh1 Qxg4+ 57. Kd2 Nxc4+ 58. Bxc4 Qxc4 59. Qh7 Qxd5+ 60. Kc1 Qc4+ 61. Kd2 Qf4+ 62. Ke2 Qxf5 63. Qg7+ Qg6 64. Qd7 Rh8 65. Rxa4 Qc2+ 66. Ke3 Qc3+ 67. Kf2 Rh2+ 68. Kg1 Qg3+ 69. Kf1 0-1

[Event "SRB Central-ch op-B 8th"]
[Site "Paracin"]
[Date "2015.07.08"]
[Round "7"]
[White "Milosevic, Rade"]
[Black "Tomte, Asbjorn"]
[Result "1/2-1/2"]
[WhiteElo "2071"]
[BlackElo "1914"]
[PlyCount "68"]
[EventDate "2015.07.03"]
[EventType "swiss"]
[EventRounds "9"]
[EventCountry "SRB"]
[SourceTitle "CBM 167 Extra"]
[Source "ChessBase"]
[SourceDate "2015.09.14"]
[SourceVersion "1"]
[SourceVersionDate "2015.09.14"]
[SourceQuality "1"]

1. Nf3 e6 2. c4 d5 3. cxd5 exd5 4. d4 c6 5. Nc3 Bd6 6. Qc2 Ne7 7. Bg5 f6 8. Bh4 Bf5 9. Qb3 Nd7 10. Bg3 Bxg3 11. hxg3 Qb6 12. Qxb6 Nxb6 13. e3 0-0-0 14. b3 g5 15. Kd2 h5 16. Bd3 Bxd3 17. Kxd3 Ng6 18. Rh2 h4 19. gxh4 g4 20. Nd2 Nxh4 21. Rah1 Ng6 22. Rh6 Kd7 23. Rh7+ Rxh7 24. Rxh7+ Ne7 25. e4 Ke6 26. f4 gxf3 27. gxf3 Nd7 28. f4 dxe4+ 29. Kxe4 Nc5+ 30. dxc5 Rxd2 31. Ke3 Rc2 32. Kd3 Rf2 33. Ke3 Rc2 34. Kd3 Rf2 1/2-1/2

[Event "SRB Central-ch op-B 8th"]
[Site "Paracin"]
[Date "2015.07.04"]
[Round "3"]
[White "Milosevic, Rade"]
[Black "Maksimovic, Bojan"]
[Result "1-0"]
[WhiteElo "2071"]
[BlackElo "1901"]
[PlyCount "129"]
[EventDate "2015.07.03"]
[EventType "swiss"]
[EventRounds "9"]
[EventCountry "SRB"]
[SourceTitle "CBM 167 Extra"]
[Source "ChessBase"]
[SourceDate "2015.09.14"]
[SourceVersion "1"]
[SourceVersionDate "2015.09.14"]
[SourceQuality "1"]

1. Nf3 Nf6 2. c4 g6 3. Nc3 Bg7 4. e4 d6 5. d4 0-0 6. h3 Nbd7 7. Be2 e5 8. 0-0 c6 9. Bg5 Qc7 10. Qd2 exd4 11. Nxd4 Nc5 12. f3 Qb6 13. Be3 Nh5 14. Rfd1 a5 15. b3 Qc7 16. Bf1 Ng3 17. Rac1 Nxf1 18. Kxf1 Rd8 19. Nde2 Be6 20. Nf4 Qe7 21. Nxe6 Nxe6 22. Ne2 Qf6 23. Bb6 Rd7 24. Bxa5 Qh4 25. Rc2 Bh6 26. Qe1 Qh5 27. Bd2 Bg7 28. Nf4 Nxf4 29. Bxf4 Rad8 30. Qg3 d5 31. exd5 cxd5 32. Qg4 Qxg4 33. hxg4 d4 34. Rd3 Re8 35. Re2 Re6 36. b4 Rde7 37. Rdd2 Rd7 38. c5 d3 39. Rxe6 fxe6 40. Bd6 Bc3 41. Rxd3 Bxb4 42. Rb3 Ba5 43. Rb5 b6 44. cxb6 Rxd6 45. b7 Bc7 46. b8Q+ Bxb8 47. Rxb8+ Kf7 48. Ra8 Rd2 49. Kg1 Kf6 50. Kh2 g5 51. a4 Ra2 52. a5 Ke5 53. Kg3 h6 54. a6 Kd6 55. a7 Kc7 56. Re8 Rxa7 57. Rxe6 Kd7 58. Rxh6 Ra5 59. Rf6 Ra8 60. Rf5 Rg8 61. Kf2 Ke6 62. g3 Rg7 63. Ke3 Rg8 64. Ke4 Re8 65. Re5+ 1-0

[Event "SRB-ch Central"]
[Site "Kragujevac"]
[Date "2015.03.14"]
[Round "8"]
[White "Gajic, Aleksandar"]
[Black "Milosevic, Rade"]
[Result "1-0"]
[WhiteElo "1795"]
[BlackElo "2095"]
[PlyCount "63"]
[EventDate "2015.03.09"]
[EventType "swiss"]
[EventRounds "9"]
[EventCountry "SRB"]
[SourceTitle "CBM 165 Extra"]
[Source "ChessBase"]
[SourceDate "2015.04.21"]
[SourceVersion "1"]
[SourceVersionDate "2015.04.21"]
[SourceQuality "1"]

1. d4 Nf6 2. c4 e6 3. Nc3 Bb4 4. g3 Nc6 5. Bg2 0-0 6. Nf3 Ne4 7. Qc2 Nxc3 8. bxc3 Be7 9. 0-0 d6 10. a4 Na5 11. Qd3 Nb3 12. Rb1 Nxc1 13. Rfxc1 Rb8 14. Rb2 b6 15. Nd2 Ba6 16. Qc2 d5 17. Rcb1 Bxc4 18. Nxc4 dxc4 19. Be4 f5 20. Bc6 a6 21. e3 Qd6 22. Bg2 c5 23. Qe2 cxd4 24. exd4 Rfc8 25. Re1 Kf7 26. Qh5+ Kg8 27. Rbe2 g6 28. Qf3 Bf8 29. Rxe6 Qd7 30. h4 Re8 31. Rxe8 Rxe8 32. Qd5+ 1-0

[Event "SRB-ch Central"]
[Site "Kragujevac"]
[Date "2015.03.10"]
[Round "3"]
[White "Milosevic, Rade"]
[Black "Irizanin, Radoje"]
[Result "0-1"]
[WhiteElo "2095"]
[BlackElo "2295"]
[PlyCount "58"]
[EventDate "2015.03.09"]
[EventType "swiss"]
[EventRounds "9"]
[EventCountry "SRB"]
[SourceTitle "CBM 165 Extra"]
[Source "ChessBase"]
[SourceDate "2015.04.21"]
[SourceVersion "1"]
[SourceVersionDate "2015.04.21"]
[SourceQuality "1"]

1. Nf3 d5 2. d4 c6 3. e3 Bg4 4. h3 Bh5 5. c4 e6 6. Nc3 Nd7 7. b3 Bb4 8. Bd2 Ngf6 9. a3 Bd6 10. Be2 0-0 11. 0-0 Qe7 12. a4 Ne4 13. Nxe4 dxe4 14. Nh2 Bg6 15. Bh5 e5 16. Bxg6 hxg6 17. Bc3 Rad8 18. Qg4 exd4 19. exd4 Kh7 20. Bd2 f5 21. Qg5 Nf6 22. g3 Qc7 23. Rfe1 Nh5 24. Nf1 c5 25. d5 Be5 26. Rab1 Bf6 27. Qe3 Bd4 28. Qg5 e3 29. Bxe3 Bf6 0-1

[Event "SRB Central-ch op-B 7th"]
[Site "Paracin"]
[Date "2014.07.11"]
[Round "9"]
[White "Milosevic, Rade"]
[Black "Jakovljevic, Dejan"]
[Result "1/2-1/2"]
[WhiteElo "2100"]
[BlackElo "1962"]
[PlyCount "89"]
[EventDate "2014.07.04"]
[EventType "swiss"]
[EventRounds "9"]
[EventCountry "SRB"]
[SourceTitle "CBM 161 Extra"]
[Source "ChessBase"]
[SourceDate "2014.08.29"]
[SourceVersion "1"]
[SourceVersionDate "2014.08.29"]
[SourceQuality "1"]

1. Nf3 Nf6 2. c4 e6 3. Nc3 Bb4 4. Qc2 c5 5. g3 0-0 6. Bg2 Nc6 7. a3 Ba5 8. 0-0 Qe7 9. b3 d5 10. d3 d4 11. Ne4 Nxe4 12. dxe4 e5 13. Bg5 f6 14. Bd2 Bxd2 15. Nxd2 Bg4 16. Qd3 Rad8 17. h3 Be6 18. Kh2 Qc7 19. h4 Ne7 20. Bh3 Bxh3 21. Kxh3 Qd7+ 22. Kg2 Qg4 23. f3 Qe6 24. Rh1 Rd7 25. h5 Qa6 26. b4 Rc8 27. b5 Qe6 28. a4 Rcd8 29. Rh3 Nc8 30. g4 Nd6 31. a5 Nf7 32. Kf2 Ng5 33. Rhh1 Qf7 34. Nb3 Ne6 35. Nd2 Nf4 36. Qb3 Qe7 37. Rad1 Qd6 38. Rhe1 Qe7 39. Rh1 Qe6 40. Nf1 Qe7 41. Ng3 b6 42. Nf5 Qf7 43. a6 h6 44. Rd2 Qe6 45. Rdd1 1/2-1/2

[Event "SRB Central-ch op-B 7th"]
[Site "Paracin"]
[Date "2014.07.10"]
[Round "8"]
[White "Nikolic, Vladimir"]
[Black "Milosevic, Rade"]
[Result "1/2-1/2"]
[WhiteElo "1980"]
[BlackElo "2100"]
[PlyCount "49"]
[EventDate "2014.07.04"]
[EventType "swiss"]
[EventRounds "9"]
[EventCountry "SRB"]
[SourceTitle "CBM 161 Extra"]
[Source "ChessBase"]
[SourceDate "2014.08.29"]
[SourceVersion "1"]
[SourceVersionDate "2014.08.29"]
[SourceQuality "1"]

1. Nf3 Nf6 2. g3 b6 3. Bg2 Bb7 4. 0-0 e6 5. c4 Be7 6. Nc3 Ne4 7. d4 Nxc3 8. bxc3 d6 9. Ne1 Bxg2 10. Nxg2 Nd7 11. e4 c5 12. f4 0-0 13. e5 cxd4 14. cxd4 Qc7 15. Ba3 Rfe8 16. Qe2 dxe5 17. Bxe7 Rxe7 18. Qf3 Rd8 19. fxe5 Nf8 20. Qe3 Red7 21. d5 Rc8 22. Nf4 Qc5 23. Qxc5 Rxc5 24. Nd3 Ra5 25. d6 1/2-1/2

[Event "SRB Central-ch op-B 7th"]
[Site "Paracin"]
[Date "2014.07.05"]
[Round "2"]
[White "Krstic, Aca Jovan"]
[Black "Milosevic, Rade"]
[Result "0-1"]
[WhiteElo "1885"]
[BlackElo "2100"]
[PlyCount "84"]
[EventDate "2014.07.04"]
[EventType "swiss"]
[EventRounds "9"]
[EventCountry "SRB"]
[SourceTitle "CBM 161 Extra"]
[Source "ChessBase"]
[SourceDate "2014.08.29"]
[SourceVersion "1"]
[SourceVersionDate "2014.08.29"]
[SourceQuality "1"]

1. e4 c6 2. d4 d5 3. e5 Bf5 4. h4 h5 5. Be2 e6 6. Be3 Qb6 7. b3 c5 8. Nf3 Nc6 9. c3 cxd4 10. Nxd4 Nxd4 11. Bxd4 Bc5 12. Na3 a6 13. b4 Bxd4 14. Qxd4 Qxd4 15. cxd4 Ne7 16. b5 Bg6 17. Kd2 0-0 18. Bd3 f6 19. f3 fxe5 20. dxe5 Bxd3 21. Kxd3 Ng6 22. Kd4 Rf4+ 23. Kc5 Ra4 24. Nb1 axb5 25. Kxb5 R8a5+ 26. Kb6 Nxe5 27. Nd2 Rxa2 28. Nb3 Nc4+ 29. Kc7 Rxa1 30. Nxa1 Rb5 31. Re1 e5 32. Re2 Kf7 33. Ra2 d4 34. Ra4 Ne3 35. f4 Ke6 36. fxe5 Kxe5 37. Ra3 Nxg2 38. Rg3 Nxh4 39. Nb3 Nf5 40. Rh3 h4 41. Nd2 g5 42. Nc4+ Kf4 0-1

[Event "SRB Central-ch op-B 5th"]
[Site "Paracin"]
[Date "2012.07.13"]
[Round "9"]
[White "Pleshakov, Anton"]
[Black "Milosevic, Rade"]
[Result "1-0"]
[WhiteElo "2074"]
[BlackElo "2099"]
[PlyCount "71"]
[EventDate "2012.07.06"]
[EventType "swiss"]
[EventRounds "9"]
[EventCountry "SRB"]
[SourceTitle "CBM 149 Extra"]
[Source "ChessBase"]
[SourceDate "2012.08.24"]
[SourceVersion "1"]
[SourceVersionDate "2012.08.24"]
[SourceQuality "1"]

1. e4 c6 2. d4 d5 3. e5 Bf5 4. g4 Bd7 5. c3 e6 6. Be3 h5 7. gxh5 Qh4 8. Be2 Nh6 9. Qd2 Qd8 10. c4 Nf5 11. b3 Nxe3 12. fxe3 Qh4+ 13. Kd1 Na6 14. Nc3 Nc7 15. Qe1 Qe7 16. c5 0-0-0 17. Nh3 g6 18. Nf4 gxh5 19. Bxh5 Bh6 20. Nce2 Rhg8 21. Rg1 f6 22. Ng6 Qd6 23. Qf2 f5 24. Kd2 Rg7 25. Qh4 Be8 26. Ngf4 Qe7 27. Qf6 Bxh5 28. Nxh5 Qxf6 29. exf6 Rf7 30. Rg6 Bf8 31. Rag1 Ne8 32. Nef4 Kd7 33. R1g2 b6 34. Nd3 Rh7 35. Ne5+ Kc7 36. Nf4 1-0

[Event "SRB Central-ch op-B 5th"]
[Site "Paracin"]
[Date "2012.07.11"]
[Round "7"]
[White "Tosic, Dragoljub"]
[Black "Milosevic, Rade"]
[Result "0-1"]
[WhiteElo "1998"]
[BlackElo "2099"]
[PlyCount "110"]
[EventDate "2012.07.06"]
[EventType "swiss"]
[EventRounds "9"]
[EventCountry "SRB"]
[SourceTitle "CBM 149 Extra"]
[Source "ChessBase"]
[SourceDate "2012.08.24"]
[SourceVersion "1"]
[SourceVersionDate "2012.08.24"]
[SourceQuality "1"]

1. d4 Nf6 2. Nf3 e6 3. e3 b6 4. c4 Bb4+ 5. Bd2 a5 6. Bd3 Bb7 7. 0-0 Be4 8. Bc3 d6 9. a3 Bxc3 10. Nxc3 Bxd3 11. Qxd3 Nbd7 12. b4 0-0 13. Ne4 Qe7 14. Nxf6+ Qxf6 15. Qe4 Qe7 16. Qc6 Nf6 17. Nd2 Qd7 18. Qf3 c6 19. e4 h6 20. e5 Nh7 21. Qe3 Rfd8 22. Ne4 dxe5 23. dxe5 axb4 24. Nd6 bxa3 25. Rxa3 Rxa3 26. Qxa3 f6 27. f4 fxe5 28. fxe5 Rf8 29. Rxf8+ Nxf8 30. Qa8 b5 31. cxb5 cxb5 32. Qb8 Qc6 33. Nxb5 Qc5+ 34. Kf1 Kh7 35. Nd6 Ng6 36. Nf7 Qc1+ 37. Ke2 Qc2+ 38. Ke3 Qxg2 39. Qe8 Qg4 40. Nd8 Qf4+ 41. Kd3 Qxe5 42. Kc2 Qxh2+ 43. Kd1 Qg1+ 44. Kc2 Qf2+ 45. Kb3 Qf3+ 46. Kc2 Qf5+ 47. Kd1 e5 48. Ne6 e4 49. Kd2 Qf2+ 50. Kc3 e3 51. Nd4 Qf4 52. Kd3 Ne5+ 53. Kc3 e2 54. Nxe2 Qe3+ 55. Kb4 Nd3+ 0-1

[Event "SRB Central-ch op-B 5th"]
[Site "Paracin"]
[Date "2012.07.10"]
[Round "6"]
[White "Milosevic, Rade"]
[Black "Ostojic, Nikola M"]
[Result "1/2-1/2"]
[WhiteElo "2099"]
[BlackElo "2048"]
[PlyCount "103"]
[EventDate "2012.07.06"]
[EventType "swiss"]
[EventRounds "9"]
[EventCountry "SRB"]
[SourceTitle "CBM 149 Extra"]
[Source "ChessBase"]
[SourceDate "2012.08.24"]
[SourceVersion "1"]
[SourceVersionDate "2012.08.24"]
[SourceQuality "1"]

1. Nf3 Nf6 2. c4 c6 3. e3 d5 4. Nc3 a6 5. a4 e6 6. b3 a5 7. Be2 Bd6 8. 0-0 0-0 9. Bb2 Qe7 10. g3 Rd8 11. Qc2 Nbd7 12. d4 dxc4 13. bxc4 e5 14. d5 Nc5 15. e4 Bg4 16. Nh4 Bxe2 17. Qxe2 g6 18. Nf3 Nb3 19. Rad1 Bc5 20. Qd3 Nd4 21. Ne2 Nxf3+ 22. Qxf3 Rd7 23. Rd3 Ne8 24. Rb3 Nd6 25. Qd3 Bb4 26. Kg2 f6 27. Bc3 c5 28. f3 b6 29. g4 Rf8 30. Ng3 Qe8 31. Rb2 Rdf7 32. Ra2 Re7 33. Rff2 Qc8 34. Bd2 Ref7 35. Bh6 Re8 36. h3 Qd7 37. Bc1 Qc8 38. Rae2 Qd7 39. Qb3 g5 40. Bb2 h6 41. Bc1 Rfe7 42. Nh5 Kf7 43. Kg3 Kg6 44. Rh2 Rh7 45. Qc2 Qa7 46. Qd3 Qa6 47. Rc2 Be1+ 48. Kg2 Reh8 49. Rh1 Bb4 50. Be3 Kf7 51. Bf2 Ke7 52. Bg3 1/2-1/2

[Event "SRB Central-ch op-B 5th"]
[Site "Paracin"]
[Date "2012.07.09"]
[Round "4"]
[White "Radovanovic, Miroljub B"]
[Black "Milosevic, Rade"]
[Result "0-1"]
[WhiteElo "1953"]
[BlackElo "2099"]
[PlyCount "113"]
[EventDate "2012.07.06"]
[EventType "swiss"]
[EventRounds "9"]
[EventCountry "SRB"]
[SourceTitle "CBM 149 Extra"]
[Source "ChessBase"]
[SourceDate "2012.08.24"]
[SourceVersion "1"]
[SourceVersionDate "2012.08.24"]
[SourceQuality "1"]

1. e4 c6 2. d4 d5 3. e5 Bf5 4. Bd3 Bxd3 5. Qxd3 e6 6. Nf3 a6 7. 0-0 c5 8. c3 Nc6 9. a3 c4 10. Qc2 Nge7 11. Bg5 h6 12. Bh4 g5 13. Bg3 Ng6 14. Nfd2 Bg7 15. b4 cxb3 16. Nxb3 b6 17. N1d2 0-0 18. Qd3 f5 19. f4 Qd7 20. Qe3 g4 21. Rfb1 Rfb8 22. Be1 Bf8 23. h4 gxh3 24. gxh3 Kh7 25. h4 Qg7 26. Kh2 Be7 27. Nf3 Rg8 28. Rb2 Qf7 29. Bg3 b5 30. a4 b4 31. cxb4 Nxb4 32. Nc5 Bxc5 33. dxc5 a5 34. Rh1 Qd7 35. Nd4 Ne7 36. Rg2 Rg4 37. Bf2 Rag8 38. Rxg4 Rxg4 39. Rg1 Rxg1 40. Kxg1 Nec6 41. Nb5 Qg7+ 42. Kh2 Qg6 43. Qe2 h5 44. Be1 Qg4 45. Qxg4 hxg4 46. Bd2 Nd3 47. Nc7 Nxc5 48. Bc1 d4 49. Ne8 Nxa4 50. h5 Nc5 51. Kg3 d3 52. Kh4 Nb3 53. Be3 d2 54. Nc7 Nbd4 55. Kg5 d1Q 56. Ne8 g3 57. h6 0-1

[Event "SRB Central-ch op-B 5th"]
[Site "Paracin"]
[Date "2012.07.06"]
[Round "1"]
[White "Milosevic, Rade"]
[Black "Janzelj, Lara"]
[Result "1-0"]
[WhiteElo "2099"]
[BlackElo "1745"]
[PlyCount "113"]
[EventDate "2012.07.06"]
[EventType "swiss"]
[EventRounds "9"]
[EventCountry "SRB"]
[SourceTitle "CBM 149 Extra"]
[Source "ChessBase"]
[SourceDate "2012.08.24"]
[SourceVersion "1"]
[SourceVersionDate "2012.08.24"]
[SourceQuality "1"]

1. Nf3 Nf6 2. c4 d6 3. d4 Nbd7 4. Nc3 e5 5. Bg5 Be7 6. dxe5 dxe5 7. e3 b6 8. Be2 Bb7 9. 0-0 0-0 10. Qc2 h6 11. Bxf6 Bxf6 12. Rfd1 Qc8 13. Nd5 Re8 14. Qf5 e4 15. Nd4 Bxd5 16. cxd5 Re5 17. Qg4 Rxd5 18. Qxe4 Re5 19. Qc6 Rc5 20. Qa4 Ra5 21. Qc2 Rc5 22. Qb3 a5 23. Bf3 a4 24. Qb4 Raa5 25. Nc6 Rab5 26. Qxa4 Rxb2 27. Qg4 Rbc2 28. Rab1 Rxc6 29. Bxc6 Rxc6 30. Qxd7 Qxd7 31. Rxd7 Rc2 32. g3 Be5 33. a4 Bd6 34. Rd8+ Kh7 35. h4 Ra2 36. Ra8 Kg6 37. Rb5 Bc5 38. a5 c6 39. axb6 Rxa8 40. Rxc5 Rb8 41. Rxc6+ Kf5 42. Rc7 Rxb6 43. Rxf7+ Kg6 44. Rf4 Kh5 45. Kg2 Rb2 46. Kh3 g5 47. g4+ Kg6 48. h5+ Kg7 49. Rf5 Rb1 50. Kg3 Rg1+ 51. Kf3 Kg8 52. Ra5 Rh1 53. Ke4 Kg7 54. Ra7+ Kf6 55. Rh7 Rg1 56. Rxh6+ Kf7 57. Kf5 1-0

[Event "Jagodina op"]
[Site "Jagodina"]
[Date "2012.06.15"]
[Round "1"]
[White "Blagojevic, Nikola"]
[Black "Milosevic, Rade"]
[Result "0-1"]
[WhiteElo "1593"]
[BlackElo "2101"]
[PlyCount "30"]
[EventDate "2012.06.15"]
[EventType "swiss"]
[EventRounds "5"]
[EventCountry "SRB"]
[SourceTitle "CBM 149 Extra"]
[Source "ChessBase"]
[SourceDate "2012.08.24"]
[SourceVersion "1"]
[SourceVersionDate "2012.08.24"]
[SourceQuality "1"]

1. e4 d6 2. d4 Nf6 3. Nc3 c6 4. g3 Qc7 5. Bg2 e5 6. Nge2 Be7 7. 0-0 0-0 8. f4 Bg4 9. Bf3 Bxf3 10. Rxf3 a5 11. dxe5 dxe5 12. fxe5 Qxe5 13. Qd4 Bc5 14. Be3 Bxd4 15. Bxd4 Qh5 0-1

[Event "SRB Central-ch op-A 4th"]
[Site "Paracin"]
[Date "2011.07.12"]
[Round "6"]
[White "Milosevic, Rade"]
[Black "Colovic, Zoran"]
[Result "1-0"]
[WhiteElo "2105"]
[BlackElo "2154"]
[PlyCount "109"]
[EventDate "2011.07.08"]
[EventType "swiss"]
[EventRounds "9"]
[EventCountry "SRB"]
[SourceTitle "CBM 143 Extra"]
[Source "ChessBase"]
[SourceDate "2011.08.29"]
[SourceVersion "1"]
[SourceVersionDate "2011.08.29"]
[SourceQuality "1"]

1. Nf3 Nf6 2. c4 g6 3. Nc3 Bg7 4. g3 d6 5. Bg2 0-0 6. 0-0 c6 7. d4 Nbd7 8. h3 Qc7 9. Be3 Re8 10. Qc2 Nb6 11. b3 Bf5 12. Qd2 d5 13. c5 Nbd7 14. Bf4 Qc8 15. g4 Ne4 16. Qe3 Nxc3 17. Qxc3 Be4 18. Ne5 Bxg2 19. Kxg2 Nxe5 20. Bxe5 f6 21. Bg3 e5 22. e3 Qe6 23. Rae1 e4 24. f4 f5 25. g5 b6 26. Rc1 Rec8 27. Rf2 Bf8 28. b4 b5 29. a4 bxa4 30. Ra1 Rcb8 31. Rxa4 Qc8 32. Rfa2 Qb7 33. Qa3 Qb5 34. Rxa7 Rxa7 35. Qxa7 Qxb4 36. Qc7 Qb5 37. Bf2 Rb7 38. Qc8 Rf7 39. Qa6 Qb3 40. Qa4 Qxa4 41. Rxa4 Rc7 42. Ra8 Kf7 43. Be1 h6 44. h4 hxg5 45. hxg5 Bg7 46. Ba5 Rb7 47. Bb6 Re7 48. Rc8 Re6 49. Rc7+ Kg8 50. Kf2 Kf8 51. Ke2 Kg8 52. Kd2 Bf8 53. Rd7 Be7 54. Bd8 Kf7 55. Kc3 1-0

[Event "SRB Central-ch op-A 4th"]
[Site "Paracin"]
[Date "2011.07.09"]
[Round "2"]
[White "Milosevic, Rade"]
[Black "Radosavljevic, Slobodan D"]
[Result "1/2-1/2"]
[WhiteElo "2105"]
[BlackElo "2223"]
[PlyCount "76"]
[EventDate "2011.07.08"]
[EventType "swiss"]
[EventRounds "9"]
[EventCountry "SRB"]
[SourceTitle "CBM 143 Extra"]
[Source "ChessBase"]
[SourceDate "2011.08.29"]
[SourceVersion "1"]
[SourceVersionDate "2011.08.29"]
[SourceQuality "1"]

1. Nf3 Nf6 2. c4 g6 3. Nc3 Bg7 4. g3 0-0 5. Bg2 d6 6. 0-0 e5 7. d4 Nc6 8. h3 h6 9. Be3 Kh7 10. dxe5 dxe5 11. Qxd8 Rxd8 12. Rad1 Be6 13. b3 a5 14. a4 Ne8 15. Nb5 Nb4 16. Bc5 f5 17. Be7 Rxd1 18. Rxd1 Nc6 19. Bc5 e4 20. Ne1 b6 21. Be3 Nb4 22. f3 c6 23. Na3 exf3 24. Bxf3 Rb8 25. Kf2 Nf6 26. Rd6 Bg8 27. Nec2 b5 28. axb5 Nxc2 29. Nxc2 cxb5 30. cxb5 Rxb5 31. Nd4 Rb4 32. Ra6 Ne4+ 33. Bxe4 Bxd4 34. Bxd4 Rxd4 35. Ra7+ Kh8 36. Bd3 Bxb3 37. Rxa5 Bf7 38. Ke3 Rb4 1/2-1/2

[Event "SLO-chT Central 1st League 11th"]
[Site "Slovenia"]
[Date "2010.11.11"]
[Round "8.1"]
[White "Peric, Bernard"]
[Black "Milosevic, Rade"]
[Result "1-0"]
[WhiteElo "1999"]
[BlackElo "2067"]
[PlyCount "73"]
[EventDate "2010.09.09"]
[EventType "team-tourn"]
[EventRounds "9"]
[EventCountry "SLO"]
[SourceTitle "EXT 2022"]
[Source "ChessBase"]
[SourceDate "2021.10.06"]
[SourceVersion "1"]
[SourceVersionDate "2021.10.06"]
[SourceQuality "1"]
[WhiteTeam "Kamnik DU"]
[BlackTeam "Vrhnika II"]
[WhiteTeamCountry "SLO"]
[BlackTeamCountry "SLO"]

1. d4 Nf6 2. Bg5 Ne4 3. h4 h6 4. Bf4 d5 5. e3 Nd7 6. Bd3 Ndf6 7. Nd2 Nd6 8. Ngf3 Bg4 9. c3 c6 10. Qc2 Qa5 11. Bxd6 exd6 12. Bf5 Be7 13. Bxg4 Nxg4 14. Qf5 Nf6 15. h5 Qc7 16. 0-0-0 Qd7 17. Nh4 Ng4 18. Qf3 Bxh4 19. Rxh4 f5 20. c4 dxc4 21. e4 d5 22. exf5 Nf6 23. Re1+ Kf7 24. Re5 Rhe8 25. Qg3 c5 26. Nf3 Kg8 27. dxc5 Ne4 28. Qg6 Nxf2 29. Re6 Nd3+ 30. Kb1 Rxe6 31. fxe6 Qe7 32. Rg4 Rf8 33. Qxh6 Rf4 34. Qg5 Qxg5 35. Rxg5 Nxc5 36. e7 Re4 37. Ne5 1-0